| 000 | 00636nam a2200205 i 4500 | ||
|---|---|---|---|
| 001 | bg | ||
| 100 | 1 | _aGAJ, Miron | |
| 245 | 0 |
_aNowoczesne metody oceny odwzorowań optycznych / _cMiron Gaj. |
|
| 260 |
_aWrocław : _bWydawn. Polit. Wrocł., _c1977. |
||
| 300 |
_as. 76 : _brys., tabl. [w tym] nlb. 1. |
||
| 490 | 1 |
_aPrace Nauk. Inst. Fizyki Polit. Wrocł. ; _vNr 10 |
|
| 500 | _a[Streszcz. w jęz. ang. i ros.]. | ||
| 504 | _a[Zawiera bibliogr. s. 73-75]. | ||
| 830 | _aPrace Nauk. Inst. Fizyki Polit. Wrocł. ; | ||
| 040 | _cBPK | ||
| 041 | _apol | ||
| 080 | _a535 | ||
| 942 | _cKS | ||
| 008 | s pl f |000 0 pol | ||
| 999 |
_c17294 _d17294 |
||
| 856 |
_uhttp://koha.tu.koszalin.pl/cgi-bin/koha/opac-detail.pl?biblionumber=17294 _yKatalog online BPK |
||